000 00653nam a2200205Ia 4500
005 20250508160615.0
008 008 250505s9999 xx 000 0 eng d
037 _aTextual
040 _aFEDL
_beng
_cFEDL
041 _aeng
_2eng
084 _a301.24, SCH
_qFEDL
100 _aSchneider Kenneth R.
_9329987
245 0 _aDestiny of change: How relevant is man in the age development?
260 _aNew York, USA
_bHolt, Rinehart and Winston, Inc.
_c1968
300 _axv,288p
490 _aHolt, Rinehart and Winston business and society series
650 _aSociology
942 _cTEXL
_h301.24, SCH
999 _c1365593
_d1365593